000 00982nam a22003137a 4500
001 5882
003 FISKH
005 20250331082413.0
008 250130b cb ||||| |||| 00| 0 eng d
020 _a9780064442640
040 _aFISKH
_beng
_cFISKH
_dFISKH
050 _aPZ7.C179 B
082 _a 823.914
100 _aCapucilli, Satin Alyssa
_d(1957-)
245 _aBathtime for Biscuit /
_cstory by Alyssa Satin Capucilli pictures by Pat Schories
250 _aThis edition first published in 1998
260 _aNew York :
_bHarperCollins,
_c1998.
300 _a24 pages :
_bcolor illustrations ;
_c23 cm
490 _aI can read!
_vMy First share reading
505 _aC
520 _aBiscuit the puppy runs away from his bath with his puppy friend, Puddles.
521 8 _a150
_bLexile
521 8 _aC
_bRaz-Plus
650 _2Dogs
_aAnimals
650 _2Easy reader
_aPets
700 _aSchories, Pat
_dillustrator
942 _2ddc
_cBK
_n0
999 _c5882
_d5882